000 00703nam a2200205Ii 4500
001 2258
003 CO-ViMGA
008 241108s9999||||xx |||||||||||||| ||und||
040 _aCO-ViMGA
_bspa
_erda
_cCO-ViMGA
041 0 _aspa
082 0 4 _a868.998304 D67i
100 1 _aAriel Dorfman
_944958
245 1 0 _aImaginación y Violencia en América:
_bEnsayos Sobre Borges, Asturias, Carpentier, García Márquez, Rulfo, Arguedas, Vargas Llosa
264 1 _a[Lugar de publicación no identificado] : Anagrama, 1972
300 _avolumen
336 _atext
_btxt
_2rdacontent
337 _aunmediated
_bn
_2rdamedia
338 _avolume
_bnc
_2rdacarrier
940 _aidficha_siabuc: 2212. -- ficha_no_siabuc:2258
999 _c39436
_d39436